International trade policies <the> Uruguay round and beyond

Saved in:
Bibliographic Details
Format: Book
Language:English
Published: Washington International Monetary Fund 1994
Series:World economic and financial surveys
Subjects:
Tags: Add Tag
No Tags, Be the first to tag this record!

MARC

LEADER 00000nam a2200000 4500
001 c021509
005 20230116112603.4
020 |a 1-55775-457-8 
041 0 |a eng 
044 |a US 
245 1 0 |a International trade policies  |b <the> Uruguay round and beyond 
264 1 |a Washington  |b International Monetary Fund  |c 1994 
300 |a 133 s. 
490 1 |a World economic and financial surveys 
830 0 |a World economic and financial surveys 
610 2 0 |a obchod medzinárodný 
610 2 0 |a politika obchodná 
610 2 0 |a liberalizácia 
610 2 0 |a reformy 
610 2 0 |a antidumping 
610 2 0 |a konkurencia 
610 2 0 |a spolupráca medzinárodná 
610 2 0 |a prostredie životné 
610 2 0 |a dohody 
610 2 0 |a Európska únia 
610 2 0 |a obchod voľný 
610 2 0 |a krajiny rozvojové 
610 2 0 |a krajiny vyspelé 
610 2 0 |a údaje štatistické 
610 2 0 |a obdobie prechodné 
610 2 0 |a organizácie ekonomické medzinárodné 
610 2 0 |a porovnanie štatistické medzinárodné 
610 2 0 |a Uruguaj